İçeriği atla
VuFind
Dil
English
Deutsch
Español
Français
Italiano
日本語
Nederlands
Português
Português (Brasil)
中文(简体)
中文(繁體)
Türkçe
עברית
Gaeilge
Cymraeg
Ελληνικά
Català
Euskara
Русский
Čeština
Suomi
Svenska
polski
Dansk
slovenščina
اللغة العربية
বাংলা
Galego
Tiếng Việt
Hrvatski
हिंदी
Tüm Alanlar
Materyal Adı
Yazar
Konu
Yer Numarası
ISBN/ISSN
Etiket
Ara
Gelişmiş
Filtreleri Sıfırla
Önerilen Konular:
The functioning root system
Filtreleri Sıfırla
Gösterilen flitre sayısı (1)
Önerilen Konular:
The functioning root system
Arama
World Book
Alıntıla
E-posta Gönder
Yazdır
Kaydı İhraç Et
İhraç Et RefWorks
İhraç Et EndNoteWeb
İhraç Et EndNote
permanent_link
Yüklüyor......
World Book
Detaylı Bibliyografya
Yazar:
World Book
Dil:
English
Erişim Bilgileri
Diğer Bilgiler
Benzer Materyaller
MARC Görünümü
LEADER
00220nam a22000977a 4500
005
20151028162410.0
008
100605t xxu||||| |||| 00| 0 eng d
100
|a
World Book
|9
27940
245
|a
World Book
942
|c
BK
|6
_
999
|c
81617
|d
81617
Benzer Materyaller
World book encyclopedia(vol.1)
Yazar:: World book
Baskı/Yayın Bilgisi: (1996)
World book encyclopedia T(vol.19)
Yazar:: World book
Baskı/Yayın Bilgisi: (1996)
World book encyclopaedia- 22 vol.
Yazar:: World Book
Baskı/Yayın Bilgisi: (2004)
World book encyclopaedia- 22 vol.
Yazar:: World Book
Baskı/Yayın Bilgisi: (1981)
World book encyclopedia(vol.22.) :research guide
Yazar:: World book
Baskı/Yayın Bilgisi: (1996)
Yüklüyor......